000
00216nam a22000857a 4500
008
170622b xxu||||| |||| 00| 0 eng d
100
_9
3631
_a
Halvorson. M
245
_a
Microsoft Visual Basic 6.0
260
_a
New delhi
_c
2003
999
_c
7022
_d
7022